| 000 | 00747nam a2200229 a 4500 | ||
|---|---|---|---|
| 999 |
_c11389 _d11389 |
||
| 001 | 11389 | ||
| 003 | BD-JhCC | ||
| 005 | 20200116134008.0 | ||
| 008 | 190909b20162019bg |||| ||a| 000 0 ben d | ||
| 020 | _a9789849142850 | ||
| 035 | _a(BD-JhCC)11389 | ||
| 040 |
_aBD-JhCC _dBD-JhCC |
||
| 041 | _aben | ||
| 082 |
_a891.4415 _bEBO 2019 |
||
| 245 |
_aএবং আবৃত্তির কবিতা / _cসম্পাদনা: রবিশঙ্কর মৈত্রী । |
||
| 260 |
_aঢাকা: _bশব্দশলী; _c২০১৯. |
||
| 300 |
_a৪৩০ পৃ. : _c২২ সেমি. |
||
| 650 | _aBengali Poetry | ||
| 700 | _a মৈত্রী, রবিশঙ্কর | ||
| 942 |
_2ddc _cBK _01 |
||